U.S. Cities by Letter - O (Map Quiz) - Statistics

General Stats
  • This quiz has been taken 1,117 times
  • The average score is 10 of 13
Answers on the Map
Answers color-coded by a green-red scale on the quiz's map according to % correct below.
 
Answer Stats
Answer % Correct
Oklahoma City
94%
Olympia
93%
Orlando
92%
Oakland
90%
Omaha
90%
Ocean City
79%
Orange
79%
Odessa
71%
Oshkosh
70%
Ogden
69%
Owensboro
67%
Overland Park
61%
Oxnard
45%
No matching quizzes found
Score Distribution
Percent of People with Each Score
Percentile by Number Answered
Your Score History
You have not taken this quiz